000 00697nam a2200193 i 4500
001 61912
003 ES-MaACL
005 20231222172241.0
007 t|
008 031114s1966 sp ||||1| spa d
100 1 _aFalardo, Ramón D.
_948684
245 1 0 _aJulio Prieto Nespereira
_b: exposición antológica /
_c[Ramón D. Falardo ; Prieto Nespereira, organizador y pintor ; por Carlos Arean].
260 _a[Madrid :
_bDirección General de Bellas Artes,
_c1966]
300 _a14 h., 11 lám. :
_bil. ;
_c20 cm.
700 1 _aPrieto Nespereira, Julio.
_9143891
700 1 _aAreán, Carlos,
_d1921-1996
_922562
852 _aES-MaACL
_j2046-F-19
_bR.59873
999 _c61912
_d61912